Política y fuerzas armadas

שמור ב:
מידע ביבליוגרפי
מחבר ראשי: Paúl Latorre, Adolfo (autor)
פורמט: ספר
שפה:ספרדית
יצא לאור: Santiago El Roble 2015
מהדורה:2a. ed
נושאים:
תגים: הוספת תג
אין תגיות, היה/י הראשונ/ה לתייג את הרשומה!

MARC

LEADER 00000cam a2200000 a 4500
001 UCD0033
003 CL-VaPUC
008 151112e20150400cl |||||||||||||||||spa|d
020 |a 9789567855100 
082 0 4 |a 322.5  |b PAU  |2 21 
100 |a Paúl Latorre, Adolfo  |e autor  |9 589353 
245 1 0 |a Política y fuerzas armadas 
250 |a 2a. ed 
300 |a 580 p 
942 |c BK 
945 |d 20151112 20:22:00  |a arojas 
260 |a Santiago  |b El Roble  |c 2015 
600 0 7 |a CONSEJO DE SEGURIDAD NACIONAL  |2 CL-VaPUC  |9 256492 
650 0 |a Fuerzas Armadas  |9 255504 
650 0 |a Política gubernamental  |9 262286 
583 |a last modification  |c 20160107 12:28:41  |k Rodrigo Vera 
999 |c 361657  |d 361655 
952 |0 0  |1 0  |3 erb  |4 0  |6 322_500000000000000_PAU_2015  |7 0  |8 A  |9 472266  |a BIBHIS  |b BIBHIS  |i 5250307  |o 322.5 PAU 2015  |p 5250307  |r 2025-01-20  |w 2019-11-24  |y BK  |z Catalogado en:20151112  |k HIS 
952 |0 0  |1 0  |3 erb  |4 0  |6 322_500000000000000_PAU_2015  |7 0  |8 A  |9 472267  |a BIBDER  |b BIBDER  |i 525812K  |l 6  |o 322.5 PAU 2015  |p 525812K  |r 2023-01-25  |s 2020-12-16  |w 2019-11-24  |y BK  |z Catalogado en:20151231  |k DER